000 00568nam a2200181 a 4500
001 000024674
005 20200930023313.0
008 110202s2010 dr c 000 0 spa d
020 _a9789945469097
040 _aDO-SdBNP
_bspa
_cBNPHU
082 _axxxx
_bB792c
100 1 _aBoyrie Moya, Emile de
_935200
245 1 3 _aLa casa de piedra de Ponce de León en Higüey. /
_cEmile de Boyrie Moya.
260 _aSanto Domingo :
_bMinisterio de Cultura
_bEditora Nacional,
_c2010.
300 _a32 p. :
_bretr. ;
_c23 cm.
504 _aBibliografía: p. 27
049 _aBNPD
999 _c24167
_d24167